LDR 01225naa#a2200205#i#450# 001 RU\INFRA-M\bibl\118036 005 20260418151713.6 011 ## _a1998-0701 100 ## _a20260227b2026####ek#y0rusy0150####ca 102 ## _aRU 200 1# _aГосударственный и вневедомственный контроль в целях выявления фиктивных операций при инновационно-инвестиционной деятельности в сельском хозяйстве _eЖурнальная статья 210 1# _aМосква _cОбщество с ограниченной ответственностью «Научно-издательский центр ИНФРА-М» _d2026 215 ## _a6 с. 608 ## _aЖурнальная статья _2local 675 ## _aОсуществление хозяйственного права. Санкционирование. Надзор. Хозяйственно-правовые споры. Урегулирование. Правовая защита. 346.9 _z 700 #1 _aВарданян _gС. А. 700 #1 _aДонскова _gО. А. 700 #1 _aТокарева _gЕ. В. 700 #1 _aГрибкова _gА. В. 856 4# _anaukaru.ru _u